Metodika výučby práce s robotom LR Mate 200iD v laboratórnych podmienkach

Salvato in:
Dettagli Bibliografici
Autore principale: Gál, Kornel (Autore)
Altri autori: Matúšová, Miriam (Relatore della tesi)
Natura: Manoscritto Libro
Lingua:slovacco
Pubblicazione: 2025
Soggetti:
Accesso online:http://is.stuba.sk/zp/portal_zp.pl?podrobnosti=176955
Tags: Aggiungi Tag
Nessun Tag, puoi essere il primo ad aggiungerne!!

MARC

LEADER 00000ntm a22000003a 4500
001 stuzp103759
003 SK-STU
005 20250628210747.0
007 ta
008 150427s2015----xo-----f-mn---000-0-slo-d
040 |a STU  |b slo 
041 0 |a slo 
100 1 |a Gál, Kornel  |u 063000  |4 aut  |U MTF Materiálovotechnologická fakulta  |T MTF Ústav výrobných technológií  |X 122004  |U M3000  |Y 83  |7 122004 
242 0 1 |a Methodology of teaching how to work with the LR Mate 200iD robot in laboratory conditions  |y eng 
245 1 0 |a Metodika výučby práce s robotom LR Mate 200iD v laboratórnych podmienkach 
260 |c 2025 
650 4 |a Manipulátor  |2 slo 
650 4 |a Robotika  |2 slo 
650 4 |a Robot  |2 slo 
650 4 |a Priemyselný robot  |2 slo 
650 4 |a Robotics  |2 eng 
650 4 |a Robot  |2 eng 
650 4 |a Manipulator  |2 eng 
650 4 |a Industrial robot  |2 eng 
700 1 |a Matúšová, Miriam  |u 063800  |k Z1  |4 ths  |U MTF Ústav výrobných technológií  |T MTF Katedra výrobných zariadení a systémov  |X 4309  |U M3800  |Y 660  |7 A000004309 
856 4 |u http://is.stuba.sk/zp/portal_zp.pl?podrobnosti=176955 
996 |c M* BP-9917  |l MMSKP  |s P  |a 0  |w stuzp103759_0001